000 00828nam a2200289 a 4500
003 AR-BaBNM
005 20251128204207.0
008 082120s2002 ||||||||||||||000 | spa||
020 _a950-25-1516-1
040 _cAR-BaBNM
100 1 _aPereyra, Horacio José
245 0 0 _aArturo Jauretche y el bloque de poder
260 _aBuenos Aires
_bCentro Editor de América Latina
_c1989
300 _a97 p.
490 0 _aBiblioteca política Argentina
_vv. 247
500 _aFORJA:FUERZA DE ORIENTACION RADICAL DE LA JOVEN ARGENTINA
600 1 4 _aPerón, Juan Domingo
600 1 4 _aFrondizi, Arturo
650 4 _aSIGLO VEINTE
650 4 _aHISTORIA POLITICA
650 4 _aNACIONALISMO
650 4 _aCLASES SOCIALES
651 4 _aArgentina
800 1 _aTroncoso, Oscar
_edirector
942 _cBK
998 _cCarmen
999 _c6546
_d6546